The Complete Guide To Custom Shelves & Built--Ins (Record no. 4897)

000 -LEADER
fixed length control field 00301nam a2200109Ia 4500
008 - FIXED-LENGTH DATA ELEMENTS--GENERAL INFORMATION
fixed length control field 200302s9999 xx 000 0 und d
100 ## - MAIN ENTRY--PERSONAL NAME
Personal name Theresa Coleman
245 ## - TITLE STATEMENT
Title The Complete Guide To Custom Shelves & Built--Ins
260 ## - PUBLICATION, DISTRIBUTION, ETC.
Name of publisher, distributor, etc. Creative Publishing International Inc
260 ## - PUBLICATION, DISTRIBUTION, ETC.
Date of publication, distribution, etc. 2007
300 ## - PHYSICAL DESCRIPTION
Extent 238 P
Holdings
Withdrawn status Lost status Damaged status Not for loan Permanent Location Current Location Date acquired Cost, normal purchase price Total Checkouts Total Renewals Full call number Barcode Date last seen Date last checked out Price effective from Koha item type
        BMS College of Architecture, Design and Planning BMS College of Architecture, Design and Planning 2020-03-03 1761.47 1 1 684.16 CL-UG69890 2023-07-25 2023-06-28 2020-03-03 UG Books from CL
Copyright © 2025, The Librarian, Library and Information Centre, BMSCA D&P, Bengaluru. All Rights Reserved
web counter

Powered by Koha